BIBLIOTECA PODER JUDICIAL
Portal Judicial TDF

Hipoteca en moneda extranjera / (Registro nro. 2234)

000 -LEADER
fixed length control field 01211nam a22002297a 4500
003 - CONTROL NUMBER IDENTIFIER
control field OSt
005 - DATE AND TIME OF LATEST TRANSACTION
control field 20181206084455.0
008 - FIXED-LENGTH DATA ELEMENTS--GENERAL INFORMATION
fixed length control field 180307b xxu||||| |||| 00| 0 spa d
020 ## - INTERNATIONAL STANDARD BOOK NUMBER
International Standard Book Number 9509606065
040 ## - CATALOGING SOURCE
Transcribing agency PJ
100 ## - ASIENTO PRINCIPAL - NOMBRE DE PERSONA
9 (RLIN) 263
Personal name Highton, Elena I.
245 10 - MENCIÓN DE TÍTULO
Título propiamente dicho Hipoteca en moneda extranjera /
Mención de responsabilidad, etc Elena I. Highton
260 ## - PUBLICATION, DISTRIBUTION, ETC. (IMPRINT)
Place of publication, distribution, etc Buenos Aires :
Name of publisher, distributor, etc Ad-Hoc,
Date of publication, distribution, etc 1989.
300 ## - DESCRIPCION FISICA
Extent 80 p.
Dimensions 19 cm.
500 ## - NOTA GENERAL
General note Notas y citas a pie de página.
505 ## - FORMATTED CONTENTS NOTE
Formatted contents note Contenido:<br/>I. Introducción -- II. Hipoteca y crédito -- III. Moneda y dinero -- IV. Juicio hipotecario -- V. Çaso especial del crédito en moneda extranjera -- VI. La disposición técnico registral nº 8/87 de la provincia de Buenos Aires -- VII. ¿No hay diferencia entre el caso de moneda extranjera utilizada como módulo de ajuste y moneda extranjera como objeto de la prestación ? -- VIII. La diferencia es la brecha cambiaría y la eventual prohibición de adquirir divisas -- IX. Registro de hipotecas y función calificadora del registrador -- X. Conclusiones.
650 #0 - ASIENTO SECUNDARIO DE MATERIA - TERMINO TEMATICO
9 (RLIN) 352
Topical term or geographic name as entry element DERECHO CIVIL
650 #0 - ASIENTO SECUNDARIO DE MATERIA - TERMINO TEMATICO
9 (RLIN) 1821
Topical term or geographic name as entry element DERECHOS REALES
650 #0 - ASIENTO SECUNDARIO DE MATERIA - TERMINO TEMATICO
9 (RLIN) 1819
Topical term or geographic name as entry element HIPOTECA
650 #0 - ASIENTO SECUNDARIO DE MATERIA - TERMINO TEMATICO
9 (RLIN) 3470
Topical term or geographic name as entry element MONEDA EXTRANJERA
942 ## - ADDED ENTRY ELEMENTS (KOHA)
Source of classification or shelving scheme
Koha item type Libros
Classification part 347.27
Item part HIG
Existencias
Withdrawn status Lost status Source of classification or shelving scheme Damaged status Not for loan Permanent Location Current Location Date acquired Full call number Barcode Date last seen Price effective from Koha item type
          Biblioteca Poder Judicial Norte Biblioteca Poder Judicial Norte 2018-12-06 347.27 HIG RG 1252 2024-12-01 2018-12-06 Libros
          Biblioteca Poder Judicial Sur Biblioteca Poder Judicial Sur 2018-12-06 347.27 HIG 1111 2018-12-06 2018-12-06 Libros

12 de Octubre 789 Ushuaia - Tel:  54(02901)441571
Horario de Atención: 8.00 a 17.00 hs. 
bibliotecaush@justierradelfuego.gov.ar
koha@justierradelfuego.gov.ar
Seguinos en nuestras redes @bibliojustdf 

Con tecnología Koha